| 000 | 00486nam a2200157 4500 | ||
|---|---|---|---|
| 001 | 110040 | ||
| 003 | ES-MaACL | ||
| 005 | 20230906184951.0 | ||
| 007 | t| | ||
| 008 | 061121s1971 sp r ||||1| spa d | ||
| 100 | 1 |
_aObregón, Eduardo. _986424 |
|
| 245 | 1 | 0 |
_aSantander 1937-1971 _b: planteamientos para la historia de una diócesis / _cEduardo Obregón. |
| 260 |
_aSantander : _b[s.n.], _c1971 ( _fGráf. Bedia) |
||
| 300 |
_a51 p. ; _c19 cm. |
||
| 852 |
_aES-MaACL _jC-49683 _bR.80316 |
||
| 999 |
_c110040 _d110040 |
||